00362 a2200109 4500001001000000005001700010008004100027245002800068100002000096700002200116773011400138ART_4273020260410161737.0260409a 10aNuevas medidas fiscales1 aLlanos, Eduardo1 aCarcavallo, Pablo0 tEjecutivos de finanzasgOfertas públicas iniciales en la Argentina - Año 12, Nº 129 (sep. 1996)wREV2863